000 00821nas a2200241 4500
001 BR0901425
003 BR-BrBNA
005 20231205113216.0
007 ta
008 230509b bl.|||p| |||| 00| 00por d
040 _aBR-BrBNA
_bpor
_cBiblioteca Nacional de Agricultura
041 _a(Pt)
072 _aL40; L10
100 1 _aSilva, M.D.P.
100 1 _aCarvalho, R.F.
111 1 _a44. Reunião Anual da Sociedade Brasileira de Zootecnia
_cJaboticabal, SP (Brazil)
245 1 _aMecanismos celulares e moleculares que controlam o desenvolvimento e o crescimento muscular
650 _aANATOMIA ANIMAL
650 _aHISTOLOGIA
773 0 _tRevista Brasileira de Zootecnia (Brazil)
_xISSN 1516-3598
_g(Jul 2007), v. 36 p. 21-31
_wBR0901425
909 _a202311
_bLúcia
_c55
_dLúcia Elande
942 _2AGRIS
_n0
_cANA
999 _c202467
_d202467